000 00469nam a2200193Ia 4500
005 20240823041232.0
008 240823s9999||||xx |||||||||||||| ||und||
020 _a81-260-0920-9
041 _aENGLISH
082 _A891.450922 P0
100 _aGhulam Rizvi 'Gardish'
245 0 _aMakers of Indian Literature:Akhtaruliman
250 _a1st
260 _c2000
_bSahitya Ac
500 _aYES
650 _aAkhtaruliman
_bEnglish
942 _cBK
999 _c205018
_d205018